000 00317nam a22001457a 4500
003 SGT
020 _a9788119653492
082 _a150,TAN
100 _aTANWAR,KAMINI
245 _aCOUNSELLING AND PSYCHOTHERAPY
260 _aBANGALORE
_bA & E PUB
_c2024
300 _a244
650 _aPSYCHOLOGY
942 _2ddc
_cBK
999 _c26729
_d26729